000 00616nam a2200193Ia 4500
003 GCL
008 140319s9999 xx 000 0 ara d
020 _a6150214977
040 _aGCL /
_cGCL
082 0 4 _a814.008
_bا س
100 1 _aانيس منصور
245 1 0 _aساعات بلا عقارب /
_cانيس منصور
260 _aالقاهرة :
_bنهضة مصر للطباعة والنشر والتوزيع ،
_c2001
300 _a334 ص ؛
_c24 سم
650 0 4 _aالادب العربى
650 0 4 _aالمقالات العربية
650 0 4 _aالادب العربى - مصر
942 _2ddc
_cBK
999 _c1419
_d1419